<?xml version="1.0" encoding="UTF-8"?>
<record
    xmlns:xsi="http://www.w3.org/2001/XMLSchema-instance"
    xsi:schemaLocation="http://www.loc.gov/MARC21/slim http://www.loc.gov/standards/marcxml/schema/MARC21slim.xsd"
    xmlns="http://www.loc.gov/MARC21/slim">

  <leader>03253nam a22003377a 4500</leader>
  <controlfield tag="003">OSt</controlfield>
  <controlfield tag="005">20250211105136.0</controlfield>
  <controlfield tag="008">090902s1994    dr c       001 0 spa d</controlfield>
  <datafield tag="040" ind1=" " ind2=" ">
    <subfield code="a">DO-SdBNP</subfield>
    <subfield code="b">spa</subfield>
    <subfield code="c">BNPHU</subfield>
  </datafield>
  <datafield tag="082" ind1=" " ind2=" ">
    <subfield code="a">xxx</subfield>
    <subfield code="b">xxx</subfield>
  </datafield>
  <datafield tag="111" ind1="1" ind2=" ">
    <subfield code="a">Congreso Dominicano de Diabetes (SODODIA)</subfield>
    <subfield code="n">(1:</subfield>
    <subfield code="d">octubre 27-30:</subfield>
    <subfield code="c">Santo Domingo, Rep&#xFA;blica Dominicana)</subfield>
    <subfield code="9">18717</subfield>
  </datafield>
  <datafield tag="245" ind1="1" ind2="0">
    <subfield code="a">Sociedad Dominicana de Diabetes /</subfield>
    <subfield code="c">comit&#xE9; organizador Jorge A. Hazoury Bahles, V&#xED;ctor Ml. Perrotta M., Francisco Rivera...[et al]</subfield>
  </datafield>
  <datafield tag="260" ind1=" " ind2=" ">
    <subfield code="a">Santo Domingo :</subfield>
    <subfield code="b">Sociedad Dominicana de Diabetes ;</subfield>
    <subfield code="c">1994.</subfield>
  </datafield>
  <datafield tag="300" ind1=" " ind2=" ">
    <subfield code="a">144 p. :</subfield>
    <subfield code="b">retrs.</subfield>
    <subfield code="c">21 cm.</subfield>
  </datafield>
  <datafield tag="505" ind1="0" ind2=" ">
    <subfield code="t">Mensaje --</subfield>
    <subfield code="t">Micro/macro albuminar&#xED;a: valor predictivo de nefropat&#xED;a y su relaci&#xF3;n con otras complicaciones -- </subfield>
    <subfield code="t">Albuminar&#xED;a: evaluaci&#xF3;n y diagnostico por biopsia renal percut&#xE1;nea en el Inden --</subfield>
    <subfield code="t">Fitopatolog&#xED;a de la hipertensi&#xF3;n arterial en la diabetes millitus --</subfield>
    <subfield code="t">Ptca in acute myocardial --</subfield>
    <subfield code="t">Insulina intensiva convencional en pacientes diab&#xE9;ticos tipo II, con fallo secundario a hipoglucemiantes orales --</subfield>
    <subfield code="t">Perfil lip&#xED;dico en diab&#xE9;ticos en la consulta externa Inden --</subfield>
    <subfield code="t">Sensibilidad del hisopado y cultivo para el aislamiento bacteriano en infecciones de partes blandas en diab&#xE9;ticos --</subfield>
    <subfield code="t">Campamento para ni&#xF1;os diab&#xE9;ticos del 29 de agosto al 2 de septiembre 1994 --</subfield>
    <subfield code="t">Estudio comparativo de la conducta sexual del paciente diab&#xE9;tico --</subfield>
    <subfield code="t">Revisi&#xF3;n del a historia cl&#xED;nica oftalmol&#xF3;gica de una poblaci&#xF3;n diab&#xE9;tica -- </subfield>
    <subfield code="t">Eficacia de la evaluaci&#xF3;n del control metab&#xF3;lico con glicemia basal vs. hbaic al momento de refaccionar al diab&#xE9;tico --</subfield>
    <subfield code="t">Quimeras para el tratamiento diab&#xE9;tico en Am&#xE9;rica Latina --</subfield>
    <subfield code="t">El embarazo en la adolescente diab&#xE9;tica --</subfield>
    <subfield code="t">Estudio inmunoclinico y bioqu&#xED;mico en ni&#xF1;os con alto riesgo de diabetes mellitus como secuela de infecci&#xF3;n por virus ECHO-4 --</subfield>
    <subfield code="t">Evidencias experimentales sobre la naturaleza glicolipidica de los ant&#xED;genos reconocidos por los anticuerpos anti-islotes pancre&#xE1;ticos --</subfield>
    <subfield code="t">Estacionalidad y edad de comienzo de la diabetes mellitus insulino dependiente en la regi&#xF3;n - Chile --</subfield>
    <subfield code="t">Efecto de la altura en la tolerancia a la glucosa y sensibilidad a la insulina en sujetos sanos --</subfield>
    <subfield code="t">Manejo del ni&#xF1;o diab&#xE9;tico -- </subfield>
    <subfield code="t">Educaci&#xF3;n: el tratamiento mas importante para la diabetes -- </subfield>
    <subfield code="t">Caracterizaci&#xF3;n molecular de los genes HLA=DR y HLA=DO de pacientes en la Republica Dominicana que tienen diabetes mellitus insulinodependiente (DMI) --</subfield>
    <subfield code="t">Diabetes tropical --</subfield>
    <subfield code="t">Evaluando la calidad de la atenci&#xF3;n en diabetes mellitus en Trinidad Tobago --</subfield>
    <subfield code="t">Estoy en insulina --</subfield>
    <subfield code="t">Graficas del congreso /</subfield>
  </datafield>
  <datafield tag="590" ind1=" " ind2=" ">
    <subfield code="a">Inventariado, 2020/ YL</subfield>
  </datafield>
  <datafield tag="700" ind1="1" ind2="2">
    <subfield code="a">Hazoury Bahles, Jorge A.</subfield>
    <subfield code="e">org.</subfield>
    <subfield code="9">77163</subfield>
  </datafield>
  <datafield tag="700" ind1="1" ind2="2">
    <subfield code="a">Perrotta M., V&#xED;ctor Ml.</subfield>
    <subfield code="e">org.</subfield>
    <subfield code="9">77164</subfield>
  </datafield>
  <datafield tag="700" ind1="1" ind2="2">
    <subfield code="a">Rivera, Francisco</subfield>
    <subfield code="e">org.</subfield>
    <subfield code="9">20660</subfield>
  </datafield>
  <datafield tag="700" ind1="1" ind2="2">
    <subfield code="a">Esca&#xF1;o, Felix</subfield>
    <subfield code="e">org.</subfield>
    <subfield code="9">77165</subfield>
  </datafield>
  <datafield tag="700" ind1="1" ind2="2">
    <subfield code="a">Stern D&#xED;az, Herbert S.</subfield>
    <subfield code="d">1958-</subfield>
    <subfield code="e">org.</subfield>
    <subfield code="9">13913</subfield>
  </datafield>
  <datafield tag="700" ind1="1" ind2="2">
    <subfield code="a">Estevez, Julio</subfield>
    <subfield code="e">org.</subfield>
    <subfield code="9">77167</subfield>
  </datafield>
  <datafield tag="700" ind1="1" ind2="2">
    <subfield code="a">Belliard, Mar&#xED;a R. </subfield>
    <subfield code="e">org.</subfield>
    <subfield code="9">77168</subfield>
  </datafield>
  <datafield tag="700" ind1="1" ind2="2">
    <subfield code="a">Santoni, Juan</subfield>
    <subfield code="e">org.</subfield>
    <subfield code="9">77169</subfield>
  </datafield>
  <datafield tag="700" ind1="1" ind2="2">
    <subfield code="a">Bonnet, Francisco </subfield>
    <subfield code="e">org.</subfield>
    <subfield code="9">77170</subfield>
  </datafield>
  <datafield tag="700" ind1="1" ind2="2">
    <subfield code="a">Mota, Aurea</subfield>
    <subfield code="e">org.</subfield>
    <subfield code="9">77171</subfield>
  </datafield>
  <datafield tag="700" ind1="1" ind2="2">
    <subfield code="a">Santos, Yolanda</subfield>
    <subfield code="e">org.</subfield>
    <subfield code="9">77172</subfield>
  </datafield>
  <datafield tag="700" ind1="1" ind2="2">
    <subfield code="a">Reyes, Erick</subfield>
    <subfield code="e">org.</subfield>
    <subfield code="9">77173</subfield>
  </datafield>
  <datafield tag="910" ind1=" " ind2=" ">
    <subfield code="a">Validado. Control de calidad. MMOLINA</subfield>
  </datafield>
  <datafield tag="942" ind1=" " ind2=" ">
    <subfield code="2">ddc</subfield>
    <subfield code="c">LBS1</subfield>
  </datafield>
  <datafield tag="952" ind1=" " ind2=" ">
    <subfield code="0">0</subfield>
    <subfield code="1">0</subfield>
    <subfield code="2">ddc</subfield>
    <subfield code="5">1</subfield>
    <subfield code="7">1</subfield>
    <subfield code="8">PD</subfield>
    <subfield code="a">BNPHU</subfield>
    <subfield code="b">BNPHU</subfield>
    <subfield code="c">CT</subfield>
    <subfield code="d">2020-11-05</subfield>
    <subfield code="e">Donaci&#xF3;n</subfield>
    <subfield code="l">0</subfield>
    <subfield code="o">xxx xxx</subfield>
    <subfield code="p">2020-0422</subfield>
    <subfield code="r">2020-11-05</subfield>
    <subfield code="w">2020-11-05</subfield>
    <subfield code="y">LFPD</subfield>
  </datafield>
  <datafield tag="999" ind1=" " ind2=" ">
    <subfield code="c">49080</subfield>
    <subfield code="d">49080</subfield>
  </datafield>
</record>
